000 00349nam a2200145Ia 4500
008 230917s9999||||xx |||||||||||||| ||und||
040 _e132048
_aMAIN
041 _aEnglish
082 _a330.1543 L221M
100 _aLancaster, Kelvin
245 0 _aMathematical economics
260 _aNew York
_bMacmillan
_c1969
300 _a411 p.
942 _cBK
999 _c79001
_d79001